<?xml version="1.0" encoding="UTF-8"?>
<collection xmlns="http://www.loc.gov/MARC21/slim">
 <record>
  <leader>00559pamaa2200169   4500</leader>
  <controlfield tag="001">0000034439</controlfield>
  <controlfield tag="005">20090930090000.0</controlfield>
  <datafield tag="020" ind1="0" ind2="0">
   <subfield code="a">0030211077 </subfield>
  </datafield>
  <datafield tag="082" ind1=" " ind2=" ">
   <subfield code="a">658.84 REE</subfield>
  </datafield>
  <datafield tag="090" ind1="0" ind2="0">
   <subfield code="a">HF5415.1265 </subfield>
   <subfield code="b">REE 2000</subfield>
  </datafield>
  <datafield tag="100" ind1="1" ind2="0">
   <subfield code="a">REEDY </subfield>
  </datafield>
  <datafield tag="245" ind1="1" ind2="0">
   <subfield code="a">Electronic marketing : </subfield>
   <subfield code="b">integrating electronic resources into the marketing process  </subfield>
   <subfield code="c">Joel Reedy, Shauna Schullo, Kenneth Zimmerman.</subfield>
  </datafield>
  <datafield tag="260" ind1="0" ind2="0">
   <subfield code="a">Forth Worth: </subfield>
   <subfield code="b">The Dryden Press, </subfield>
   <subfield code="c">2000.</subfield>
  </datafield>
  <datafield tag="300" ind1=" " ind2=" ">
   <subfield code="a">xxiv, 466p.: </subfield>
   <subfield code="b">ill.; </subfield>
   <subfield code="c">28cm.</subfield>
  </datafield>
  <datafield tag="650" ind1="0" ind2="0">
   <subfield code="a">Electronic Marketing </subfield>
  </datafield>
  <datafield tag="700" ind1="1" ind2="1">
   <subfield code="a">Schullo, </subfield>
   <subfield code="h">Shauna </subfield>
  </datafield>
  <datafield tag="700" ind1="1" ind2="1">
   <subfield code="a">Zimmerman, </subfield>
   <subfield code="h">Kenneth </subfield>
  </datafield>
 </record>
</collection>
